000 00561nam a22002177a 4500
003 UA-OsUOA
001 119337
007 ta
008 20161019b un ||||| |||| 00| 0 ukr d
100 _aЗвєряков М.І.
090 _a330(477)
_bЗ-43
942 _cSA
040 _aUA-OsUOA
_bukr
_cUA-OsUOA
_dUA-OsUOA
245 _aУроки ринкової трансформації в Україні
300 _aС.7-26
955 _a0
041 _aukr
080 _a330(477)
773 0 _w119336
650 7 _a330 Економіка взагалі
_2UDC
999 _c405531
_d405531